Nuevos desafíos de la enseñanza del Derecho en Chile

Gorde:
Xehetasun bibliografikoak
Egile Nagusiak: Scheechler Corona, Christian (Egilea), Aedo Barrena, Cristián Eduardo (Egilea), Delpiano Lira, Cristián (Egilea)
Formatua: Liburua
Hizkuntza:gaztelania
Argitaratua: Santiago Libromar Ltda. 2012
Gaiak:
Etiketak: Etiketa erantsi
Etiketarik gabe, Izan zaitez lehena erregistro honi etiketa jartzen!

MARC

LEADER 00000cam a2200000 a 4500
001 UCF6140
003 CL-VaPUC
005 20240819151348.0
008 130411e20120000cl 1 spa d
020 |a 9789567890248 
082 0 4 |a 940.07  |b SCH  |2 21 
100 1 |a Scheechler Corona, Christian  |e author  |9 621975 
700 1 |a Aedo Barrena, Cristián Eduardo  |e author  |9 621976 
700 1 |a Delpiano Lira, Cristián  |e author  |9 621977 
245 1 0 |a Nuevos desafíos de la enseñanza del Derecho en Chile 
260 |a Santiago  |b Libromar Ltda.  |c 2012 
300 |a 281 p 
583 |a last modification  |c 20190627 09:25:05  |k Rodrigo Vera 
650 0 0 |a Enseñanza del derecho  |9 354184 
650 0 0 |a Formación profesional   |9 257232 
650 0 0 |a Educación superior   |9 223851 
650 0 7 |a DERECHO  |2 CL-VaPUC  |9 621978 
650 0 0 |a Asistencia jurídica   |9 501996 
942 |c BK 
945 |a dcastane  |d 20130411 00:00:00 
546 |a En Español 
536 |a Universidad Católica del Norte 
518 |p Seminario de Enseñanza del Derecho, 1, Antofagasta, agosto 2011 
999 |c 384724  |d 384722 
952 |0 0  |1 0  |4 0  |6 940_070000000000000_SCH_2012  |7 0  |8 A  |9 507651  |a BIBDER  |b BIBDER  |d 2020-01-23  |i 4963881  |l 1  |o 940.07 SCH 2012  |p 4963881  |r 2023-01-25  |s 2022-09-29  |w 2020-01-23  |y BK  |k DER 
952 |0 0  |1 0  |4 0  |6 940_070000000000000_SCH_2012  |7 0  |8 A  |9 507652  |a BIBDER  |b BIBDER  |d 2020-01-23  |i 4970578  |o 940.07 SCH 2012  |p 4970578  |r 2023-01-25  |w 2020-01-23  |y BK  |k DER